IP STANDARDS FOR PETROLEUM AND ITS PRODUCTS PART-1 METHODS FOR ANALYSIS AND TESTING (Record no. 580513)
[ view plain ]
| 000 -LEADER | |
|---|---|
| fixed length control field | 00330nam a22001217a 4500 |
| 082 ## - DEWEY DECIMAL CLASSIFICATION NUMBER | |
| Classification number | 662.6 INS'I |
| 100 ## - MAIN ENTRY--PERSONAL NAME | |
| Personal name | INTITUTE OF PETROLEUM |
| 9 (RLIN) | 75017 |
| 245 ## - TITLE STATEMENT | |
| Title | IP STANDARDS FOR PETROLEUM AND ITS PRODUCTS PART-1 METHODS FOR ANALYSIS AND TESTING |
| 250 ## - EDITION STATEMENT | |
| Edition statement | 28TH |
| 260 ## - PUBLICATION, DISTRIBUTION, ETC. | |
| Place of publication, distribution, etc. | LONDON |
| Name of publisher, distributor, etc. | ELSEVIER |
| Date of publication, distribution, etc. | 1969 |
| 300 ## - PHYSICAL DESCRIPTION | |
| Extent | 132P |
| 942 ## - ADDED ENTRY ELEMENTS (KOHA) | |
| Koha item type | Book |
| Withdrawn status | Lost status | Damaged status | Not for loan | Permanent Location | Current Location | Shelving location | Date acquired | Total Checkouts | Full call number | Barcode | Date last seen | Price effective from | Koha item type |
|---|---|---|---|---|---|---|---|---|---|---|---|---|---|
| College of Electrical & Mechanical Engineering (CEME) | College of Electrical & Mechanical Engineering (CEME) | General Stacks | 05/15/2017 | 662.6 INS'I | CEME-14668 | 06/28/2021 | 06/28/2021 | Book | |||||
| College of Electrical & Mechanical Engineering (CEME) | College of Electrical & Mechanical Engineering (CEME) | General Stacks | 05/15/2017 | 662.6 INS'I | CEME-14669 | 06/28/2021 | 06/28/2021 | Book |
